| 000 | 01031nam a2200289 i 4500 | ||
|---|---|---|---|
| 003 | CO-BoRNBP | ||
| 005 | 20250120141841.0 | ||
| 007 | ta | ||
| 008 | 250120s2020 Uy a|||| |||| 00| 0 spa d | ||
| 020 | _a9789915651170 | ||
| 040 |
_aCO-BoRNBP _bspa _cCO-BoRNBP _erda |
||
| 041 | _aspa | ||
| 084 | _aC CUE | ||
| 100 | 1 | 0 |
_aEquipo editorial Mammoth _eautor _957546 |
| 245 |
_aAnimagníficos _bDestellos sorpresa, con lentejuelas que cambian de color/ _cEquipo editorial Mammoth |
||
| 250 | _aPrimera edición | ||
| 264 | 4 |
_aMontevideo, Uruguay, _bLatinbooks International S.A. _c©2020 |
|
| 300 |
_a10 páginas, _bilustraciones a color, con lentejuelas que cambian de color, tapa dura, _calto 17 cm ancho 17 cm |
||
| 336 |
_2rdacontent _atexto _btxt |
||
| 337 |
_2rdamedia _asin mediación _bn |
||
| 338 |
_2rdacarrier _avolumen _bnc |
||
| 490 | _aDestellos sorpresa | ||
| 650 |
_2LEMB _aLiteratura infantil _92746 |
||
| 650 |
_2LEMB _aCuento infantil _916411 |
||
| 650 |
_2LEMB _aLentejuelas _vanimales _957576 |
||
| 942 |
_2ddc _cBKINF |
||
| 999 |
_c56782 _d56782 |
||